EES problems disk
שמור ב:
| מחבר ראשי: | |
|---|---|
| מחברים אחרים: | |
| פורמט: | ספר |
| שפה: | English |
| יצא לאור: |
Boston :
McGraw-Hill,
1998.
|
| נושאים: | |
| תגים: |
הוספת תג
אין תגיות, היה/י הראשונ/ה לתייג את הרשומה!
|
| Thư viện lưu trữ: | Mạng thư viện Đại học Đà Nẵng |
|---|
| LEADER | 00838cmm a2200325 i 4500 | ||
|---|---|---|---|
| 001 | 000049920 | ||
| 003 | 10095 | ||
| 005 | 20030408140020.0 | ||
| 008 | 010426|1998 vm 000 eng | ||
| 020 | |a 0078477999 | ||
| 040 | |a IRC |c IRC |d IRC | ||
| 041 | 0 | |a eng | |
| 082 | 1 | 4 | |a 621.4021 |b KL-S |
| 100 | 1 | |a Klein, Sanford. | |
| 245 | 0 | 0 | |a EES problems disk |h [Float Disk-Đĩa mềm] / |c Sanford Klein, William Beckman. |
| 260 | |a Boston : |b McGraw-Hill, |c 1998. | ||
| 300 | |a 1 computer disk ; |c 3 1/2 in. | ||
| 630 | 0 | 4 | |a Thermodynamics. |
| 650 | 0 | 4 | |a Thermodynamics. |
| 700 | 1 | |a Beckman, William A. | |
| OWN | |a DUT | ||
| 999 | |a From the UDN01 | ||
| TYP | |a Computer file | ||
| TYP | |a Monograph | ||
| 980 | |a Mạng thư viện Đại học Đà Nẵng | ||


